| 000 | 00627nam a2200229Ia 4500 | ||
|---|---|---|---|
| 008 | 220216s9999 xx 000 0 und d | ||
| 100 | _aSah S | ||
| 245 | 0 | _aDiversity analysis of bacterial community in acid saline Pokkali soil of Kerala through metagenomic approach | |
| 260 |
_bJournal of Tropical Agriculture _c2014 |
||
| 300 | _a123-130 | ||
| 500 | _aSource Year: 2014 | ||
| 650 | _a16S rDNA | ||
| 650 | _aMetagenomics | ||
| 650 | _aPokkali soil | ||
| 700 | _aDeepa K | ||
| 700 | _aFiroz P M | ||
| 700 | _aGirija D | ||
| 700 | _aNazeem P A | ||
| 700 | _aSunil E | ||
| 856 | _uCopy of article | ||
| 942 | _cJS | ||
| 999 |
_c57318 _d57318 |
||